[Event "FRA-ch U18 Girls"]
[Site "Aix les Bains"]
[Date "2006.04.??"]
[Round "5"]
[White "Point, Emilie"]
[Black "Bismuth, Lea"]
[Result "1-0"]
[WhiteElo "1959"]
[BlackElo "1920"]
[PlyCount "39"]
[EventDate "2006.04.??"]
[EventType "swiss"]
[EventRounds "8"]
[EventCountry "FRA"]
[SourceTitle "EXT 2007"]
[Source "ChessBase"]
[SourceDate "2006.11.23"]
[SourceVersion "1"]
[SourceVersionDate "2006.11.23"]
[SourceQuality "1"]

1. e4 d5 2. exd5 Qxd5 3. d4 Nf6 4. Nc3 Qd6 5. Nf3 a6 6. h3 Bf5 7. Bc4 e6 8. 0-0 Nc6 9. a3 0-0-0 10. Be3 h6 11. b4 b5 12. Bxb5 axb5 13. Nxb5 Qd5 14. c4 Qxc4 15. Qa4 Bd6 16. Rac1 Qd5 17. Nc3 Bh2+ 18. Kxh2 Qd6+ 19. Kg1 Ne4 20. Nb5 1-0

[Event "FRA-ch U18 Girls"]
[Site "Aix les Bains"]
[Date "2006.04.??"]
[Round "7"]
[White "Point, Emilie"]
[Black "Magnin, Segolene"]
[Result "0-1"]
[WhiteElo "1959"]
[BlackElo "1760"]
[PlyCount "92"]
[EventDate "2006.04.??"]
[EventType "swiss"]
[EventRounds "8"]
[EventCountry "FRA"]
[SourceTitle "EXT 2007"]
[Source "ChessBase"]
[SourceDate "2006.11.23"]
[SourceVersion "1"]
[SourceVersionDate "2006.11.23"]
[SourceQuality "1"]

1. e4 e6 2. d4 d5 3. e5 c5 4. c3 Nc6 5. Nf3 Qb6 6. Be2 cxd4 7. cxd4 Nge7 8. Na3 Nf5 9. Nc2 Bb4+ 10. Kf1 Be7 11. h4 h5 12. g3 f6 13. exf6 gxf6 14. b3 Bd7 15. Bb2 0-0-0 16. Qd3 Bd6 17. Rc1 Rdg8 18. Qb5 Qxb5 19. Bxb5 Rg7 20. Ke2 Rhg8 21. Rhe1 Kb8 22. Ba3 Bc7 23. Bd3 Nd6 24. Kd1 Nf7 25. Nb4 Nxb4 26. Bxb4 e5 27. dxe5 fxe5 28. Bf1 Bg4 29. Be2 Bb6 30. Bc5 Bxc5 31. Rxc5 Rd8 32. Kd2 Rg6 33. Nxe5 Nxe5 34. Bxg4 Nxg4 35. f3 Nh6 36. Re7 Nf5 37. Rh7 Nxg3 38. Rcc7 Rb6 39. Rcg7 Nf5 40. Rf7 Nd6 41. Re7 Ra6 42. a4 Rb6 43. Kc3 Rc8+ 44. Kb2 Nc4+ 45. Ka2 Nd2 46. Re3 Rc2+ 0-1

[Event "FRA-ch U14 Girls"]
[Site "Hyeres"]
[Date "2002.??.??"]
[Round "1.1"]
[White "Mourot, Clara"]
[Black "Point, Emilie"]
[Result "1-0"]
[WhiteElo "2100"]
[BlackElo "1530"]
[PlyCount "63"]
[EventDate "2002.04.05"]
[EventType "swiss"]
[EventRounds "9"]
[EventCountry "FRA"]
[SourceTitle "EXT 2003"]
[Source "ChessBase"]
[SourceDate "2002.11.25"]
[SourceVersion "1"]
[SourceVersionDate "2002.11.25"]
[SourceQuality "1"]

1. d4 Nf6 2. c4 g6 3. Nc3 Bg7 4. e4 d6 5. Nge2 0-0 6. Ng3 Nc6 7. Be2 e5 8. d5 Ne7 9. h4 h5 10. Bg5 Ne8 11. Qd2 f6 12. Bh6 Bd7 13. 0-0-0 c6 14. Bxg7 Kxg7 15. f4 cxd5 16. cxd5 Rc8 17. Kb1 exf4 18. Qxf4 Qb6 19. Rd3 a5 20. Rf1 a4 21. a3 Bb5 22. Nxb5 Qxb5 23. Nxh5+ Kh7 24. Qf3 f5 25. Nf4 Nf6 26. exf5 Nxf5 27. Ne6 Rfe8 28. g4 Nd7 29. gxf5 Ne5 30. fxg6+ Kg8 31. Qf6 Qd7 32. Rg3 1-0

[Event "FRA-ch U14 Girls"]
[Site "Hyeres"]
[Date "2002.??.??"]
[Round "4.9"]
[White "Point, Emilie"]
[Black "Delisle, Charlotte"]
[Result "0-1"]
[WhiteElo "1530"]
[BlackElo "1700"]
[PlyCount "44"]
[EventDate "2002.04.05"]
[EventType "swiss"]
[EventRounds "9"]
[EventCountry "FRA"]
[SourceTitle "EXT 2003"]
[Source "ChessBase"]
[SourceDate "2002.11.25"]
[SourceVersion "1"]
[SourceVersionDate "2002.11.25"]
[SourceQuality "1"]

1. e4 c5 2. Nc3 Nc6 3. g3 g6 4. Bg2 Bg7 5. d3 e6 6. Be3 Nge7 7. Bxc5 d6 8. Be3 0-0 9. Qd2 Re8 10. 0-0-0 Rb8 11. h4 b5 12. h5 b4 13. Nb1 Qa5 14. Bh6 Bh8 15. hxg6 fxg6 16. Ne2 Bd7 17. d4 Qxa2 18. f4 Na5 19. Qd3 Rec8 20. Nd2 Qa1+ 21. Nb1 Nc4 22. Qb3 Ba4 0-1

[Event "Le Mans op"]
[Site "Le Mans "]
[Date "2001.12.27"]
[Round "3"]
[White "Point, Emilie"]
[Black "Van Bruggen, Hubert"]
[Result "0-1"]
[WhiteElo "1500"]
[BlackElo "1780"]
[PlyCount "60"]
[EventDate "2001.12.26"]
[EventType "swiss"]
[EventRounds "9"]
[EventCountry "FRA"]
[SourceTitle "EXT 2008"]
[Source "ChessBase"]
[SourceDate "2007.11.25"]
[SourceVersion "1"]
[SourceVersionDate "2007.11.25"]
[SourceQuality "1"]

1. e4 e5 2. Nf3 Nc6 3. d4 exd4 4. Bc4 Bc5 5. c3 Nf6 6. 0-0 d6 7. cxd4 Bb6 8. Bb5 0-0 9. Bxc6 bxc6 10. Bg5 Bg4 11. Qb3 Bxf3 12. e5 Bd5 13. Qd1 h6 14. Bh4 g5 15. exf6 Qxf6 16. Qg4 Qxd4 17. Qg3 Qxh4 18. Kh1 Qxg3 19. fxg3 Bd4 20. Nc3 Bxc3 21. bxc3 Rab8 22. Rf2 Rb7 23. Raf1 Rfb8 24. h4 Rb2 25. hxg5 hxg5 26. a3 Rxf2 27. Rxf2 Kg7 28. g4 Rb3 29. Rf5 f6 30. Kg1 Rxa3 0-1